[Event "Fischer Z - Euwe 11/2-61/2"]
[Site "?"]
[Date "2005.12.17"]
[Round "5"]
[White "Teeuwen, Jos"]
[Black "Witt, Rob"]
[Result "0-1"]
[WhiteElo "2137"]
[BlackElo "2247"]
[Annotator "Witt,Rob"]
[PlyCount "64"]

{In de kelder van het spelletjescafé Twee Klaveren speelden we de 5e
knsb-ronde tegen Fischer Z. Na de uitschakeling voor de knsb-beker twee dagen
eerder konden we ons geheel op de competitie richten. Dat resulteerde in een
klinkende 61/2-11/2 overwinning. Hopenlijk doet Fischer Z het de volgende
ronde beter tegen onze concurrent DD die helaas ook zijn 5e wedstrijd won,
deze keer met 5-3.} 1. e4 e6 2. d4 d5 3. Nd2 {Ik kon geen enkele partij van
mijn tegenstander vinden tegen het Frans en had eigenlijk gegokt op de Winawer.
} Nc6 {5' De laatste jaren heb ik meestal c5 en een enkele keer Le7 gespeeld.
Om eventuele voorbereiding uit de weg te gaan, besloot ik na een paar minuten
een minder gebruikelijk systeem te spelen. Weinigen weten dat dit de
Guimard-variant is. Het wordt door o.a. Psakhis als niet helemaal volwaardig
beschouwd, maar wordt toch regelmatig door sterke spelers gespeeld. Voor mij
was dit de eerste serieuze partij met de Guimard en Jos Teeuwen bleek het nog
nooit bekeken te hebben.} 4. Ngf3 {4'} Nf6 5. e5 Nd7 6. Bd3 {8' Deze zet had
ik nooit eerder gezien, maar blijkt toch vaak gespeeld. Gebruikelijker zijn 6.
Le2; 6.c3; 6.Pb3 of 6.Lb5.} Nb4 {15' Na 10' nadenken besluit ik de structuur
van de stelling te veranderen naar die van de Tarrach met 3...Pf6, waarbij de
witte paarden op d2 en f3 staan i.p.v. op e2 en f3.} ({Ik vertrouwde het
alternatief} 6... f6 {niet helemaal wegens Ph4 of Pg5 wat mijn tegenstander
overigens niet gespeeld zou hebben.} 7. Ng5 $5 {is gevaarlijk als zwart het
niet kent. Alternatieven zijn} (7. Nh4 {is nauwelijks bekend en kennelijk
ongevaarlijk wegens} g6 8. Nxg6 (8. Qg4 Qe7 9. exf6 Nxf6 10. Qg5 e5) 8... hxg6
9. Bxg6+ Ke7 10. exf6+ Nxf6 {en zwart zou iets beter staan.}) (7. O-O {Dit zou
Teeuwen gespeeld hebben.} fxe5 8. Nxe5 Ndxe5 9. dxe5 Nxe5 10. Qh5+ Nf7 {
en wit heeft wel wat compensatie voor de pion na bijv.} 11. c4) (7. exf6 Qxf6 {
is de meest gespeelde voortzetting, maar dat had ik wel graag willen hebben.})
7... Ndxe5 $1 {Noodzakelijk.} ({Slecht is} 7... fxg5 8. Qh5+ g6 9. Bxg6+ hxg6
10. Qxg6+ Ke7 11. Ne4 $16 Ndxe5 (11... Bh6 $2 12. Bxg5+ Bxg5 13. Qg7+ Ke8 14.
Qxh8+ Nf8 15. Qh5+ Kd7 16. Nc5+ Ke7 17. Qxg5+ Kf7 $18 {
Chiburdanidze-Zatulovskaya, Tbilisi 1976 (40.1-0)}) 12. dxe5 Nxe5 13. Qf6+ Kd7
14. Qxe5 $16) 8. dxe5 fxg5 9. Qh5+ g6 ({onduidelijk volgens Nunn is} 9... Kd7 {
maar Fritz vindt het heel goed voor wit na} 10. Nf3) 10. Bxg6+ Kd7 {met
onduidelijk spel, al geeft Fritz ook hier de voorkeur aan wit.}) 7. Be2 c5 8.
c3 Nc6 9. O-O ({Na} 9. Bd3 {ontstaat het zgn. Universele systeem dat meestal
na 3...Pf6 ontstaat of na 3....c5 4.Pgf3 Pf6 5.e5. Daaerom heet het universeel.
een respectabele variant voor zwart is dan} g6 {waarop} 10. h4 {als
gevaarlijkste geldt.}) 9... g6 {Dit blijkt nieuw te zijn. De zet leek me OK
omdat wit al gerokeerd heeft en h4 geen zin heeft.} 10. c4 {Na ruim een
kwartier deze interessante voortzetting.} (10. Re1 {was het rustiger
alternatief.}) 10... cxd4 11. cxd5 exd5 12. Nb3 Bg7 13. Nbxd4 {34' Hier heeft
wit alternatieven in Lb5 of Lg5 maar geen van beide lijken gevaarlijk voor
zwart.} Ndxe5 {26'} 14. Nxe5 Nxe5 15. Bb5+ {39' Wit wil voorkomen dat zwart
kan rokeren.} Bd7 16. Bxd7+ Qxd7 17. f4 Nc6 {31'} ({Ik begrijp niet goed
waarom Fritz de voorkeur geeft aan} 17... Nc4) 18. Nxc6 {47' Grappig. Net als
in de bekerpartij tegen Monteban sta ik voor de keus hoe terug te slaan op c6.
Opnieuw kies ik voor de dame en opnieuw vindt Fritz bxc6 beter.} Qxc6 19. Qe2+
Kf8 {42'} 20. f5 Kg8 {47' Hierna dacht wit ruim 20' na. Het is ook niet
makkelijk om de beste zet te bepalen. Het is de vraag of wit hier wel
voldoende compensatie heeft. Zwart dreigt met h6 en Kh7 zijn ontwikkeling te
voltooien en heeft dan een gezonde pluspion.} 21. Bg5 $6 {Misschien niet de
beste, maar wat dan wel?} ({Zelf dacht ik aan} 21. Qf3 {en nu dacht ik dat} h6
{niet kon wegens} ({Fritz komt met een variant waar geen mens aan zou denken} 
21... Re8 22. fxg6 hxg6 23. Qxf7+ Kh7 $17 {en zwart staat inderdaad heel goed.}
) 22. fxg6 ({beter is} 22. f6 Bf8 23. Be3 Re8 $13) 22... fxg6 23. Qf7+ Kh7 24.
Bxh6 Kxh6 25. Rf3 {En wit heeft minstens remise dacht ik. Maar dat blijkt niet
waar te zijn!} Bd4+ 26. Kh1 Qd6 $1 $19 {want} 27. Rh3+ Kg5 28. Rg3+ {faalt op}
Qxg3) 21... h6 22. Bh4 g5 {Zelf was ik hier heel tevreden over, maar Fritz
geeft de voorkeur aan. Wit heeft hier nog 45', zwart 57'.} (22... Kh7 23. f6
Rhe8 $15) 23. Bg3 Bf6 24. Rac1 Qb6+ 25. Kh1 Kg7 {Hier had ik het gevoel dat ik
ging winnen.} 26. Rc7 {Lijkt logisch, maar taaier is volgens mij} (26. Be5)
26... Rac8 27. Rfc1 $2 {30' en dit verliest.} (27. Rd7 Rhd8 $17) 27... Rhe8 $1
$19 {Deze tussenzet had wit overzien. Nu staat zwart gewonnen.} 28. Qd2 Rxc7
29. Rxc7 Qb5 $1 30. h3 d4 {40'} ({Vooral niet} 30... Re2 31. Rxb7 {dacht ik
tijdens de partij, maar zelfs dit wint na} Qc4) 31. Kh2 d3 32. a4 $2 Qd5 {30'}
0-1

[Event "Euwe Intern 05/06"]
[Site "?"]
[Date "2005.12.29"]
[Round "2.4"]
[White "Witt, Rob"]
[Black "Christophe, Nirav"]
[Result "1-0"]
[WhiteElo "2247"]
[BlackElo "2095"]
[Annotator "Witt"]
[PlyCount "117"]
[EventDate "2005.12.31"]

{Dit is de laatste partij in de interne van Euwe in 2005. Terwijl iedereen al
aan het bier zat, zaten Nirav en ik in de uitvluggerfase. Nirav had een pion
meer dus de vraag was of ik remise kon houden of niet. Uiteindelijk raakte
Nirav in tijdnood de kluts kwijt waardoor ik zelfs nog op wonderbaarlijke
wijze wist te winnen. De partij is van slechte kwaliteit maar wel in alle
fasen interessant. Na afloop werd de partij uitvoerig bekeken met o.a. Visser,
Moll en Doggers. Ondanks al dit verzamelde talent hebben we toch belangrijke
dingen niet gezien of verkeerd beoordeeld.} 1. Nf3 Nf6 2. c4 c5 3. Nc3 d5 4.
cxd5 Nxd5 5. e3 {Een lekker slappe voortzetting die nauwelijks voordeel
belooft, maar waarmee ik veel scoor. De laatste keer was in oktober tegen Daan
Zult. Slecht kan de zet niet zijn want onder de witspelers in mijn database
zie ik namen als Keres, Petrosian, Spassky, Kortschnoi, Anand, Ivanchuk,
Bareev, enz. Scherpere voortzettingen zijn} (5. d4 {Dit heb ik ook een keer
tegen Nirav gespeeld. Na} cxd4 6. Qxd4 Nxc3 7. Qxc3 Nc6 8. e4 {bedacht hij het
verrassende} f6 $5 {waarschijnlijk zonder te weten dat dit een aanbeveling van
Beliavsky was.}) (5. e4 Nb4 6. Bc4 Nd3+ 7. Ke2 Nf4+ 8. Kf1 Ne6 9. b4 $5 {
wat ik ook een keer wil spelen.}) 5... Nxc3 6. bxc3 g6 {In mijn aantekenin gen
bij mijn partij tegen Daan Zult had ik al aangegeven dat dit m.i. de beste
bestrijdingswijze is.} 7. Bb5+ Bd7 {De meest solide voortzetting. Met het
alternatief Pd7 geef ik voor de liefhebber een mooie partij van Petrosian. Het
is indrukwekkend te zien hoe Petrosian op beide vleugels opereert.} (7... Nd7
8. a4 Bg7 9. O-O O-O 10. d4 a6 11. Bd3 b6 12. Rb1 Qc7 13. e4 Rd8 14. Qe2 Nf8
15. e5 Bb7 16. Be4 cxd4 17. cxd4 Bd5 18. Bxd5 Rxd5 19. Be3 Qb7 20. Rb4 Rc8 21.
h4 Rc6 22. Ng5 f5 23. Nh3 Ne6 24. h5 Kh8 25. hxg6 hxg6 26. Qf3 Qd7 27. Rfb1 Kg8
28. Rxb6 Rxb6 29. Rxb6 Nxd4 30. Rb8+ Bf8 31. Bxd4 Rxd4 32. Qa8 {1-0 Petrosian,
T-Lehmann,H/Hamburg 1960/MCD}) 8. Qb3 {Een belangrijk alternatief is a4. Bijv.}
(8. a4 Bg7 9. O-O O-O 10. Ba3 b6 11. d4 a6 12. Be2 Nc6 13. Qc2 Qc7 14. dxc5
bxc5 15. Bxc5 Qa5 16. Ba3 Qxc3 17. Qxc3 Bxc3 18. Rab1 Rfb8 19. Rxb8+ Rxb8 20.
Bxa6 Nb4 21. Bc4 Bxa4 22. Rc1 Bf6 23. Rb1 Nc6 {1/2-1/2 Bareev - Kasparov,
Cannes 2001}) 8... Qb6 {Deze zet kwam mij volkomen onbekend voor tijdens de
partij. Maar er blijken diverse partijen mee gespeeld te zijn die me nu ook
weer wel bekend voorkomen.} 9. Rb1 {Deze zet lee k me volkomen logisch, maar
thuis zag ik dat ik deze stelling een paar jaar geleden bestudeerd had en toen
9.Lc4 had gepland. Bijv.} (9. Bc4 Qxb3 10. axb3 Nc6 11. Ke2 e6 12. Bb2 Be7 13.
b4 f6 14. b5 $14 {Timoscenko-Widera /Prievidza 1998 (42.1-0)}) 9... Qxb5 {
Hier had Nirav 20' over nagedacht. Eigenlijk wilde hij} (9... Bxb5 10. Qxb5+ ({
Maar hij liet het na wegens de mogelijkheid} 10. Ne5 {Zwart antwoordt echter}
f6 $1 {die hebben we niet gezien} 11. Qf7+ Kd8 12. Qd5+ {Hier werd een partij
remise gegeven na Ke8, maar na} Kc7 (12... Kc8 {is ook goed.}) 13. Nf7 Bg7 14.
Nxh8 Bc6 $17 {staat zwart zeer goed tot gewonnen.}) 10... Nd7 {spelen.}) 10.
Qxb5 Bxb5 11. Rxb5 b6 12. d4 ({Een andere opbouw met} 12. c4 {(Doggers) lijkt
me ook goed speelbaar.}) 12... Na6 {Een verrassende typische Nirav-zet. Zelf
zou ik de voorkeur geven aan Pd7.} 13. a4 $5 {Deze zet komt niet voor bij de 6
suggesties die Fritz geeft. Bovenaan het rijtje staat Ke2, de zet die ook
Visser suggereerde. Zou Visser daar al dat pluggen steeds meer op een computer
gaan lijken? Dan is hij binnenkort helemaal niet meer te verslaan. Mijn plan
was: a4 (om Pc7 en b5 tegen te gaan); La3 (druk op c5); Kd2; Thb1 of c1 en
a4-a5. Bij het schaken mogen we echter om de beurt zetten en na} Bg7 14. Ba3
Rc8 {verzonk ik in diep gepeins. Zwart dreigt cxd4; Tc4 en Txa4. Wat moet ik
daar in godsnaam tegen doen? Ondanks 25' nadenken vond ik geen bevredigende
voortzetting. Ik concludeerde dat mijn hele opstelling verkeerd was en dat ik
e4 en Le3 had moeten spelen. Ook na afloop vonden we (uitgezonderd Arne) dat
zwart hier een klein plusje heeft. Naar nu blijkt, ten onrechte.} 15. a5 {
Na 25' piekeren. Beide spelers hebben nu ruim 3 kwartier gebruikt. Ik wil hier
even van de gelegenheid gebruik maken om het nieuwe boek van Jonathan Rowson,
CHESS FOR ZEBRAS, aan te prijzen. Dit geweldige boek vond ik onder de
kerstboom en kan ik iedereen aanraden. De titel is afgeleid van een uitspraak
van een filosoof dat je bij het horen van hoefgetrappel aan zebra's moet
denken. De meeste mensen denken alleen aan paarden. M.a.w. probeer je
denkpatronen buiten de gebaande paden te verleggen. Een van de vele wijze
lessen is dat de meeste schakers die vooruit willen komen, veel te veel
energie steken in het vergaren van kennis in plaats van het trainen van hun
vaardigheden (skills). Deze partijstelling toont weer eens aan dat het met
mijn "skills" droevig gesteld is. Ondanks 25' nadenken heb ik de finesses van
de stelling totaal niet doorgrond.} ({Mijn oorspronkelijke plan was toch
mogelijk. Men zie} 15. Kd2 cxd4 16. cxd4 Rc4 17. Rc1 $5 ({Zelfs} 17. Ne5 $5 {
is mogelijk en misschien wel de beste. De tijd ontbreekt me om dit uit te
werken.} Bxe5 (17... Rxa4 18. Rc1) 18. Rxe5) ({We keken alleen even naar} 17.
a5 Ra4 18. axb6 {Visser zag hier nog wel iets in, maar de rest niet.} Rxa3 19.
bxa7 {en hier kek en we niet verder onder het motto "het zal wel niks zijn
voor wit" Maar Visser was toch niet gek want zijn maatje Fritz vindt dat wit
iets beter staat. Wat moet zwart eigenlijk doen tegen Thb1 enTb8?Fritzgeeft}
Ra2+ {Dat schaakje is nuttig om de witte koning naar de c-lijn te dwingen.} (
19... Nc7 20. Rb7 Kd7 21. Rc1 Rc8 22. Ng5 $1 {en het is niet te zien hoe zwart
loskomt.}) 20. Kd3 Ra3+ 21. Kc2 Kd7 22. Rb7+ Nc7 23. Rc1 $1 Rc8 24. Kb2 Ra6 25.
Ne1 $1 Rc6 26. Rxc6 Kxc6 27. Rb8 Kd7 28. Nd3 Na8 29. Ka3 Kc7 30. Nc5 e5 31.
Na6+ Kd7 32. d5 {en het is op zijn minst onduidelijk. Zwart staat zeker niet
beter.}) 17... Rxa4 (17... Rxc1 18. Bxc1 $14) 18. Ne5 $1 {Die hadden we niet
gezien.} O-O (18... Bxe5 19. Rxe5 $16) 19. Bxe7 Re8 20. Bd6 Rd8 21. Rc6 Bxe5
22. Bxe5 Nb4 23. Rc3 {en het lijkt me ongeveer gelijk}) 15... Nc7 ({Ik was
tijdens de partij bang voor eerst} 15... cxd4 {maar na} 16. axb6 {vonden we
toch dat wit beter staat.}) 16. Rb1 cxd4 17. axb6 axb6 18. cxd4 Ra8 19. Rb3 ({
Na afloop vonden Nirav en ik allebei dat} 19. Bb4 {beter was, maar daar ben ik
nu niet meer zo zeker van.}) 19... Kd7 20. Kd2 Ra6 {Wit nog 30'; zwart 23'.
Hoe staat het eigenlijk? Alleen Arne vond dat wit beter stond ("wit heeft het
centrum en druk op de zwarte b-pion".) De rest probeerde hem te overtuigen dat
zwart beter stond. De b-pion is niet zwak maar sterk. Zwart zet een paard op
d5 en een pion op f5. Als wit dat verhindert met e4 speelt zwart evengoed f5.
De waarheid zal wel ergens in het midden liggen.} (20... f5 {kwam ook in
aanmerking.}) 21. Rhb1 {23' Ik had de grootste moeite hier een zet te vinden.}
({Beter lijkt me nu toch het voor de hand liggende} 21. Rc1 {Ik liet het na
wegens} Nd5 {en nu kan ik niet e4 spelen wegens Lh6+.} 22. Bb2 ({Fritz geeft
de voorkeur aan} 22. Ne5+ Bxe5 {gedwongen} 23. dxe5 $14 {maar ik kan dat
moeilijk geloven.}) 22... f5 23. Ne1 Rha8 24. Nd3 {en ik denk dat het voor
beide partijen moeilijk is om verder te komen.}) 21... Rha8 22. Bc1 {Mijn idee
was om e4 te spelen en Le3 of Lf4.} (22. Bb2 {was misschien toch iets beter,
maar dan had ik ook niet Thb1 hoeven spelen.}) 22... Ra2+ {Beide spelers nog
20'.} 23. Ke1 $2 ({Beter was} 23. R1b2 b5 24. Rxa2 Rxa2+ 25. Bb2 f5 26. Kc2 {
en misschien staat wit wel iets beter}) 23... b5 24. e4 Rc2 25. R3b2 {
Misschien niet nodig.} Rxb2 26. Bxb2 Ra4 27. Kd2 Ne6 $2 {Wit nog 18'; zwart
12'.} ({De tekstzet is niet goed. Veel beter was} 27... f5 $1 {en ik denk dat
ook Arne de voorkeur aan zwart zal geven.}) 28. d5 Bh6+ 29. Ke2 $2 ({Terecht
vroeg Nirav zich af waarom ik niet gekozen had voor} 29. Kc2 Nc5 30. Ne5+ Ke8
31. f3 $14 {Ik had gemist dat ik met het tussenschaakje pion e4 gewoon kon
dekken. Bovendien had ik evenals Nirav zwarts volgende zet gemist.}) 29... Nf4+
$2 ({Ik had dit ook verwacht maar veel beter was} 29... Rxe4+ 30. Kf1 ({
Misschien dacht Nirav} 30. Kd3 {maar dan wint} Nc5+) 30... Nc7 {en zwart staat
op winst.}) 30. Kf1 Rxe4 31. Bc1 $2 {12'} ({Totaal niet gekeken naar} 31. Ne5+
{en wit staat beter}) 31... Bg7 {6'} 32. Rxb5 Nd3 33. Ba3 (33. Be3 $11) 33...
Ra4 $1 34. Rb7+ Kc8 35. Rb3 Nf4 36. Bxe7 $2 {Hierna krijgt wit toch nog
problemen} (36. d6 exd6 37. g3 {zal remise worden.}) 36... Ra1+ 37. Ne1 Nxd5
38. Bh4 $6 {7' Grappig dat we allebei vonden dat wit hier alle geluk van de
wereld heeft dat hij geen stuk verliest. Er blijkt echter nog een zet te zijn
die beter is.} (38. Ba3 $1 h5 ({Direct remise is} 38... Bc3 39. Rxc3+ Nxc3 40.
Bb2 Rxe1+ 41. Kxe1 Nd5 $11) 39. g3 Kd7 {en zwart staat nog ietje beter al moet
het remise zijn.}) 38... Bc3 {3'} 39. f3 Ne3+ {Hier zijn ook andere goede
zetten, maar dit wint een pion.} 40. Ke2 Bxe1 41. Bxe1 Nxg2 {Tijdnoodfase
voorbij, allebei weer een kwartier. Het voorgaande was al niet best, maar het
zal nog erger worden.} 42. Bg3 Ra4 $6 {er waren twee sterkere zetten die
allebei winstkansen bieden} (42... h5) (42... Ra2+) 43. Rb8+ {11'} ({Objektief
gezien had ik remise moeten maken met} 43. Rb2 h5 44. Kf2 Nf4 45. Bxf4 Rxf4 $11
{maar ik dacht dat ik nog wel verder kon spelen zonder al te veel
verliesgevaar.}) 43... Kd7 44. Rb7+ Ke6 45. Rb6+ Ke7 46. Rb7+ Kf6 47. Rb6+ Kg7
{Beiden nog 10'} (47... Kg5) 48. Be5+ Kh6 49. Rf6 $6 (49. Kf2) 49... Ra2+ 50.
Kd3 Ne1+ ({Logischer en sterker is} 50... Ra7 {eventueel gevolgd door Ph4 en
Pf5.}) 51. Ke4 Re2+ 52. Kd5 {[Nirav: Ik heb weinig aan de analyse van Rob toe
te voegen, behalve dit moment. Hier verdeed ik mijn laatste minuten aan een
prachtige onzinvariant, wat bewijst dat ik bij deze partij de prijs betaalde,
dat ik een paar weken geleden ivm mijn werk FICS van mijn computer gegooid heb:
ik had geen handigheid en hardheid in het vluggeren.]} Nd3 (52... Rxe5+ $5 {
Nirav: Dit was waar ik naar keek. De pointe is:} 53. Kxe5 Kg7 $1 {en ik zag
dat wit weg moest met zijn toren en f3 niet kon blijven dekken. Aha dacht ik,
daarna kan ik met schaak de laatste witte pionnen pakken. Toen zag ik nog..}
54. Rd6 (54. Rf4 $4 Nd3+ $19) (54. f4 $4 Nd3+ 55. Ke4 Nc5+ 56. Ke5 Nd7+ $19)
54... Nxf3+ 55. Kf4 {en opeens was ik bang dan mijn paard te verliezen. Dat is
natuurlijk onzin. De variant is gewoon remise na} Nh4 {maar al dat gepieker
kostte me wel uiteindelijk de partij.}) 53. Bc3 {7'} Rxh2 $6 {5' Dit vonden we
na afloop allemaal een grote fout, maar het valt mee. Sterker was natuurlijk
wel} (53... Re7 $1) 54. Rxf7 g5 {3'} 55. Ke4 Nc5+ {Ook deze zet kreeg veel
kritiek, maar ten onrechte.} ({Het aanbevolen} 55... Nf4 {is onduidelijk na}
56. Kf5) 56. Kf5 Rh4 $2 {2' Pas deze zet geeft de partij weg.} (56... Rf2 57.
Kg4 Rg2+ 58. Kf5 Rg3 {is nog steeds ietsje beter voor zwart, al zal het remise
zijn.}) 57. Bd2 {5'} Rh5 58. Kf6 $1 Nb3 ({Ook het betere} 58... Nd3 {verliest
na} 59. Rg7 Nc5 60. Ra7 $1 {en zwart heeft geen zetten meer.}) 59. Bb4 {
en mat binnen enkele zetten.} 1-0

[Event "KNSB-beker"]
[Site "?"]
[Date "2005.12.15"]
[Round "1"]
[White "Monteban, Martijn"]
[Black "Witt, Rob"]
[Result "1-0"]
[WhiteElo "2249"]
[BlackElo "2247"]
[Annotator "Nirav Christophe"]
[PlyCount "107"]
[EventDate "2005.12.16"]

1. Nf3 Nf6 2. g3 d5 3. Bg2 c5 4. O-O Nc6 5. d4 e6 6. c4 Be7 7. cxd5 exd5 8.
dxc5 Bxc5 9. Nbd2 O-O 10. Nb3 Bb6 11. Nfd4 Bg4 12. Be3 Re8 13. Nc2 Bf5 14. Bxb6
Qxb6 15. Ncd4 Be4 16. Nxc6 Qxc6 17. Nd4 Qb6 18. b3 Rac8 19. Bh3 Rc7 20. e3 Qa6
21. Qd2 Bg6 22. Qb2 Ree7 23. Rfc1 h6 24. Bf1 Bd3 25. Nf5 Red7 26. Nxh6+ Kh7 27.
Nf5 Bxf1 28. Rxf1 Qe6 29. Nd4 Qh3 30. Qe2 Rc3 31. Qf3 Ng4 32. Qg2 Qh6 33. Rad1
Kg8 34. Nf5 Qh5 35. Nd4 a6 36. h3 Nf6 37. g4 Qe5 38. Qh2 Qe8 39. Rc1 Qc8 40.
Rxc3 Qxc3 41. Qb8+ Kh7 42. Qe5 Rd8 43. g5 Ne4 44. Qf5+ (44. Qe7 $1 {(Witt,Rob)
NIRAV: Rob zegt hier: 'was meteen uit'. Dat betwijfel ik. Volgens mij staat
het op wonderlijke wijze nog gelijk!} Rd6 (44... Qc8 $1 {NIRAV: volgens mij
maakt juist dit remise!} 45. Qxf7 Qxh3 46. g6+ Kh6 $3 {NIRAV: de krankzinnige
pointe van de zwarte opzet.} 47. Nf5+ Kg5 48. f4+ Kg4 49. Qe6 Re8 $3 50. Ne7+ (
50. Qxe8 Nd2 51. Rf2 Nf3+ 52. Rxf3 Kxf3 53. Nd4+ Kg3 54. Ne2+ Kf3 55. Nd4+ $11)
(50. Qd7 Nf6 51. Nh6+ Kh4 52. Qxh3+ Kxh3 53. Rf3+ Kh4 54. Nf5+ Kg4 55. Nd4 Ne4
56. Kg2 Rc8 $11) (50. Nh6+ Kh4 51. Qxh3+ Kxh3 52. Rf3+ Kh4 53. Nf5+ Kg4 54. Nd4
Rc8 55. f5 Rc1+ 56. Kg2 Rd1 57. Rf4+ Kg5 58. Ne6+ Kf6 $11) 50... Kh4 51. Qxh3+
Kxh3 52. Nxd5 Rc8 53. f5 Rc2 54. Nf4+ Kg4 $11) 45. Qxf7 Nxg5 46. Qf5+ Rg6 47.
Kh2 $18) 44... Kg8 45. h4 g6 46. Qg4 Qc7 47. Ne2 Qe5 48. Nd4 Qc7 49. Ne2 Qe5
50. Rc1 Kg7 51. Nd4 Rh8 52. Rc8 Rh5 53. f4 Qe7 54. Qxh5 1-0